| 000 | 00818nam a2200217Ii 4500 | ||
|---|---|---|---|
| 003 | JO-AjNU | ||
| 008 | 230605s9999||||xx |||||||||||||| ||und|| | ||
| 017 | _a2014/1/536 | ||
| 040 |
_aJO-AjNU _bara _erda _cJO-AjNU |
||
| 041 | _aara | ||
| 050 | 1 | 4 | _aRC660 2014 |
| 100 | 3 |
_aتاليف أبو سمية، رامي عطا, _eauthor _950437 |
|
| 245 | 0 | 0 | _aمرض السكري في الأردن طاهرة تنذر بالخطر: دليل المرض الأردنيين في التعايش مع داء السكري |
| 250 | _aط1 | ||
| 264 | 3 | 1 | _aعمان: مكتبة الملاك، 2014 |
| 300 |
_a354ص _bصور توضيحية |
||
| 336 |
_atext _btxt _2rdacontent |
||
| 337 |
_aunmediated _bn _2rdamedia |
||
| 338 |
_avolume _bnc _2rdacarrier |
||
| 650 | 4 |
_aمرض السكري - سكر الدم - الاردن _950438 |
|
| 999 |
_aA22218 _c25786 _d25786 |
||